<?xml version="1.0" encoding="UTF-8"?>
<collection xmlns="http://www.loc.gov/MARC21/slim">
    <record>
        <controlfield tag="001">64077</controlfield>
        <controlfield tag="005">20171221155208.0</controlfield>
        <datafield tag="037" ind1=" " ind2=" ">
            <subfield code="a">TAZ-TFG-2017-3237</subfield>
        </datafield>
        <datafield tag="041" ind1=" " ind2=" ">
            <subfield code="a">spa</subfield>
        </datafield>
        <datafield tag="100" ind1="1" ind2=" ">
            <subfield code="a">de Buen Bueno, Begoña</subfield>
        </datafield>
        <datafield tag="242" ind1="0" ind2="0">
            <subfield code="a">Desing of a method to value the morphology of the udder of the carrier females of the GASE gene.</subfield>
        </datafield>
        <datafield tag="245" ind1="0" ind2="0">
            <subfield code="a">Diseño de un método de valoración de la morfología de la ubre de las hembras portadoras del gen GASE.</subfield>
        </datafield>
        <datafield tag="260" ind1=" " ind2=" ">
            <subfield code="a">Zaragoza</subfield>
            <subfield code="b">Universidad de Zaragoza</subfield>
            <subfield code="c">2017</subfield>
        </datafield>
        <datafield tag="506" ind1=" " ind2=" ">
            <subfield code="a">by-nc-sa</subfield>
            <subfield code="b">Creative Commons</subfield>
            <subfield code="c">3.0</subfield>
            <subfield code="u">http://creativecommons.org/licenses/by-nc-sa/3.0/</subfield>
        </datafield>
        <datafield tag="520" ind1=" " ind2=" ">
            <subfield code="a">Una mutación localizada en el gen BMP15 es la que ha dado lugar al gen ANGRA Santa Eulalia (GASE), el cual produce un incremento en la tasa de ovulación y prolificidad en las ovejas portadoras heterocigóticas, así como infertilidad en las portadoras homocigóticas. En la actualidad, se entienden con precisión los efectos de este gen a nivel reproductivo pero se desconoce cuál es su implicación respecto a la morfología mamaria. El presente trabajo presenta dos partes. En la primera, desde una perspectiva teórica, se hace una revisión bibliográfica acerca de los datos conocidos de este gen en la raza Rasa Aragonesa y sobre los caracteres considerados importantes para valorar la repercusión del gen a nivel mamario. En la segunda se aclara como se llevó a cabo las mediciones de estos caracteres, para a continuación, una vez conocidas estas cuestiones, analizar la variabilidad de las características seleccionadas a nivel de campo, habiendo realizado diversas mediciones en ovejas. Los resultados fueron obtenidos de ejemplares portadores y no portadores procedentes de rebaños de raza Rasa Aragonesa pertenecientes a ANGRA, permitiendo comparar ambos grupos y consiguiendo una mayor información. De esta manera, con los datos obtenidos se consiguió el objetivo del trabajo que es el desarrollo de una plantilla que valore y puntúe la morfología de las mamas de las ovejas de raza Rasa Aragonesa, permitiendo observar si existen diferencias entre portadoras y no portadoras del gen GASE, lo cual posibilitaría la selección de los individuos de mayor capacidad lechera, lo que aumentaría la probabilidad de supervivencia de los corderos nacidos de estas hembras prolíficas.</subfield>
        </datafield>
        <datafield tag="521" ind1=" " ind2=" ">
            <subfield code="a">Graduado en Veterinaria</subfield>
        </datafield>
        <datafield tag="540" ind1=" " ind2=" ">
            <subfield code="a">Derechos regulados por licencia Creative Commons</subfield>
        </datafield>
        <datafield tag="700" ind1=" " ind2=" ">
            <subfield code="a">Sañudo Astiz, Carlos</subfield>
            <subfield code="e">dir.</subfield>
        </datafield>
        <datafield tag="700" ind1=" " ind2=" ">
            <subfield code="a">Macias Lacarta, Angel Manuel</subfield>
            <subfield code="e">dir.</subfield>
        </datafield>
        <datafield tag="700" ind1=" " ind2=" ">
            <subfield code="a">Macías Lacarta, Ángel Manuel</subfield>
            <subfield code="e">dir.</subfield>
        </datafield>
        <datafield tag="710" ind1="2" ind2=" ">
            <subfield code="a">Universidad de Zaragoza</subfield>
            <subfield code="b">Producción Animal y Ciencia de los Alimentos</subfield>
            <subfield code="c">Producción Animal</subfield>
        </datafield>
        <datafield tag="856" ind1="0" ind2=" ">
            <subfield code="f">588583@celes.unizar.es</subfield>
        </datafield>
        <datafield tag="856" ind1="4" ind2=" ">
            <subfield code="s">1046821</subfield>
            <subfield code="u">http://zaguan.unizar.es/record/64077/files/TAZ-TFG-2017-3237.pdf</subfield>
            <subfield code="y">Memoria (spa)</subfield>
        </datafield>
        <datafield tag="909" ind1="C" ind2="O">
            <subfield code="o">oai:zaguan.unizar.es:64077</subfield>
            <subfield code="p">driver</subfield>
            <subfield code="p">trabajos-fin-grado</subfield>
        </datafield>
        <datafield tag="950" ind1=" " ind2=" ">
            <subfield code="a"></subfield>
        </datafield>
        <datafield tag="951" ind1=" " ind2=" ">
            <subfield code="a">deposita:2017-12-21</subfield>
        </datafield>
        <datafield tag="980" ind1=" " ind2=" ">
            <subfield code="a">TAZ</subfield>
            <subfield code="b">TFG</subfield>
            <subfield code="c">VET</subfield>
        </datafield>
    </record>

    
</collection>